Central Library OPAC University of Rajshahi

Famine on the wind : (Record no. 15323)

MARC details
000 -LEADER
fixed length control field 00861nam a2200277 4500
001 - CONTROL NUMBER
control field 15323
003 - CONTROL NUMBER IDENTIFIER
rucl marc code BD-RjUL
005 - DATE AND TIME OF LATEST TRANSACTION
control field 20211208235807.0
008 - FIXED-LENGTH DATA ELEMENTS--GENERAL INFORMATION
fixed length control field 140209s1969 enk b 001 0 eng d
020 ## - INTERNATIONAL STANDARD BOOK NUMBER
International Standard Book Number 0207950539
035 ## - SYSTEM CONTROL NUMBER
System control number (BD-RjUL)15377
040 ## - CATALOGING SOURCE
Original cataloging agency DLC
Transcribing agency DLC
Modifying agency DLC
-- BD-RjUL
Language of cataloging eng
041 ## - LANGUAGE CODE
Language code of text/sound track or separate title eng
082 00 - DEWEY DECIMAL CLASSIFICATION NUMBER
Classification number 904.5
Author mark and year CAF 1969
100 1# - MAIN ENTRY--PERSONAL NAME
Personal name Carefoot, G. L.
9 (RLIN) 47624
245 10 - TITLE STATEMENT
Title Famine on the wind :
Remainder of title plant diseases and human history /
Statement of responsibility, etc. by G. L. Carefoot and E. R. Sprott; with a foreword by Sir Julian Huxley.
260 ## - PUBLICATION, DISTRIBUTION, ETC. (IMPRINT)
Place of publication, distribution, etc. London :
Name of publisher, distributor, etc. Angus & Robertson,
Date of publication, distribution, etc. 1969.
300 ## - PHYSICAL DESCRIPTION
Pagination 222 p. ;
Size 23 cm.
350 ## - PRICE (NR) (BK AM CF MU VM SE) [OBSOLETE]
Price 30/-
504 ## - BIBLIOGRAPHY, ETC. NOTE
Bibliography, etc Bibliography: p. 201-208. and Index
650 #0 - SUBJECT ADDED ENTRY--TOPICAL TERM
Topical term or geographic name as entry element Plant diseases
General subdivision History.
9 (RLIN) 47625
700 1# - ADDED ENTRY--PERSONAL NAME
Personal name Sprott, E. R.,
Relator term joint author.
942 ## - ADDED ENTRY ELEMENTS (KOHA)
Source of classification or shelving scheme Dewey Decimal Classification
Koha item type Books
Holdings
Lost status Source of classification or shelving scheme Damaged status Not for loan Collection code Permanent Location Current Location Shelving location Date acquired Source of acquisition Cost, normal purchase price Total Checkouts Full call number Date last seen Copy number Koha item type
  Dewey Decimal Classification   Not For Loan Non-fiction Central Library, University of Rajshahi Central Library, University of Rajshahi Reading Room 03/03/1973 Black Well 1.60   904.5 CAF 1969 09/02/2014 C-1 Books